[Event "AUTO-OPEN-4626"]
[Site "http://www.queenalice.com/game.php?id=1866101"]
[Date "2025.11.24"]
[Round "1"]
[White "Numberzero"]
[Black "dosoldini"]
[Result "1-0"]
[WhiteElo "664"]
[BlackElo "1667"]

1. e4 e5 2. Nf3 Nc6 3. d4 Nf6 4. Bg5 Be7 5. d5 Nd4 6. Nxd4 exd4 7. Qxd4 O-O 8.
Be2 c5 9. dxc6 Qa5+ 10. Bd2 Bb4 11. Bxb4 Qd8 12. Bxf8 Qxf8 13. cxd7 Nxd7 14. O-O
Qe7 15. Nc3 Nf8 16. Rad1 Nd7 17. Bb5 a6 18. Bxd7 1-0

[Event "AUTO-OPEN-4626"]
[Site "http://www.queenalice.com/game.php?id=1866102"]
[Date "2025.11.24"]
[Round "1"]
[White "dosoldini"]
[Black "Numberzero"]
[Result "0-1"]
[WhiteElo "1629"]
[BlackElo "722"]

1. e4 e5 2. Nc3 Nf6 3. Be2 d5 4. exd5 Nxd5 5. Nxd5 Qxd5 6. d3 Be7 7. Be3 O-O 8.
Bf3 Qd8 9. Bd2 c6 10. c3 Qxd3 11. Be2 Qd8 12. Nf3 Bf6 13. h3 Bf5 14. O-O Re8 15.
Qc1 Qc7 16. g4 Be4 17. Ng5 Bxg5 18. Bxg5 f6 19. Bxf6 gxf6 20. Qe3 Bg6 21. h4 Qg7
22. h5 Bxh5 23. Qg3 Bg6 24. Rad1 Nd7 25. b4 Rad8 26. Bc4+ Bf7 27. Bxf7+ Qxf7 28.
Qh4 Qg6 29. Rd6 h5 30. f3 Kg7 31. Qh3 Rh8 32. Re6 Rde8 33. Rd6 Re7 34. g5 Qxg5+
35. Kh1 Qf4 36. Qg2+ Kf8 37. Qh3 Ke8 38. Re6 Rxe6 39. Qxe6+ Kd8 0-1

[Event "AUTO-OPEN-4628"]
[Site "http://www.queenalice.com/game.php?id=1866576"]
[Date "2025.12.4"]
[Round "1"]
[White "askasl159"]
[Black "Numberzero"]
[Result "0-1"]
[WhiteElo "1574"]
[BlackElo "792"]

1. e4 e5 2. f4 exf4 3. Nf3 Be7 4. Bc4 Bh4+ 5. Ke2 d5 6. Bxd5 c6 7. Bb3 Bg4 8. h3
Bxf3+ 9. gxf3 Qb6 10. d4 g5 11. Qd3 Nd7 12. Nd2 Ngf6 13. Nc4 Qc7 14. e5 Nd5 15.
Nd6+ Kf8 16. Bxd5 cxd5 17. Qf5 Nb6 18. b3 a6 19. Ba3 Kg7 20. Rhg1 h6 21. Qxf4
Qxc2+ 22. Qd2 Qxd2+ 23. Kxd2 Bf2 24. Rgf1 Bxd4 25. Rae1 Nd7 26. Nf5+ Kg6 27.
Nxd4 Rhe8 28. e6 fxe6 29. Rxe6+ Rxe6 30. Nxe6 Re8 31. Nd4 Kh5 32. f4 Re4 33. Kd3
gxf4 34. Rf3 Ne5+ 35. Kd2 Nxf3+ 36. Nxf3 Re3 0-1

[Event "AUTO-OPEN-4628"]
[Site "http://www.queenalice.com/game.php?id=1866577"]
[Date "2025.12.4"]
[Round "1"]
[White "Numberzero"]
[Black "askasl159"]
[Result "1/2-1/2"]
[WhiteElo "752"]
[BlackElo "1867"]

1. e4 e5 2. Nf3 Nc6 3. d4 exd4 4. Nxd4 Nge7 5. Nc3 g6 6. Be2 Bg7 7. Be3 b6 8.
O-O Bb7 9. Nxc6 Bxc6 10. Bd4 f6 11. Bc4 d5 12. exd5 Bxd5 13. Bxd5 Nxd5 14. Nxd5
Qxd5 15. Re1+ Kf7 16. Bc3 Rad8 17. Qxd5+ Rxd5 18. Rad1 Rhd8 19. Rxd5 Rxd5 20.
Kf1 c5 21. Re2 b5 22. Rd2 Rxd2 23. Bxd2 f5 24. b3 b4 25. Be3 Bf8 26. Ke2 Ke6 27.
Kd3 Kd5 28. f3 Bd6 29. h3 f4 30. Bf2 g5 31. Bg1 h5 32. Bf2 a5 33. Bg1 1/2-1/2

[Event "AUTO-OPEN-4628"]
[Site "http://www.queenalice.com/game.php?id=1866593"]
[Date "2025.12.4"]
[Round "1"]
[White "Numberzero"]
[Black "Scharlatan"]
[Result "1-0"]
[WhiteElo "912"]
[BlackElo "1739"]

1. e4 e6 2. d4 d5 3. Nc3 dxe4 4. Nxe4 Bd7 5. Nf3 Bc6 6. Ned2 Nd7 7. Be2 Ngf6 8.
O-O Be7 9. Nb3 O-O 10. Bg5 h6 11. Bh4 Ne4 12. Bxe7 Qxe7 13. Re1 1-0

[Event "AUTO-OPEN-4629"]
[Site "http://www.queenalice.com/game.php?id=1866783"]
[Date "2025.12.9"]
[Round "1"]
[White "Numberzero"]
[Black "Fauquinelle"]
[Result "1-0"]
[WhiteElo "882"]
[BlackElo "1967"]

1. e4 e5 2. Nf3 Nc6 3. d4 exd4 4. Nxd4 Bc5 5. Nb3 Bb6 6. Nc3 Qf6 7. Qe2 Nge7 8.
Nd5 Nxd5 9. exd5+ Ne7 10. c4 O-O 11. Qf3 Qxf3 12. gxf3 c6 13. d6 Ng6 14. c5 Bd8
15. Be3 b6 16. O-O-O b5 17. Bh3 a5 18. Rhg1 Bf6 19. Bd4 Bxd4 20. Nxd4 b4 21. Nf5
Ba6 22. Rge1 Rae8 23. Ne7+ Kh8 24. Bxd7 1-0

[Event "AUTO-OPEN-4629"]
[Site "http://www.queenalice.com/game.php?id=1866812"]
[Date "2025.12.9"]
[Round "1"]
[White "Numberzero"]
[Black "WoodpusherKid"]
[Result "0-1"]
[WhiteElo "764"]
[BlackElo "2636"]

1. e4 e5 2. Nf3 Nc6 3. d4 exd4 4. Nxd4 Nf6 5. Nxc6 bxc6 6. Nc3 Bb4 7. Bd3 d5 8.
exd5 cxd5 9. O-O O-O 10. Bg5 Be6 11. Qf3 h6 12. Bxf6 Qxf6 13. Qxf6 gxf6 14. Nb5
c5 15. c3 Ba5 16. Nd6 Rab8 17. Rfb1 Rfd8 18. Nf5 c4 19. Bc2 Bxf5 20. Bxf5 d4 21.
cxd4 Rxd4 22. a4 Rd2 23. Be4 Re8 24. Bf3 Rc8 25. b4 Bb6 26. Rf1 c3 27. Be4 Rc4
28. Bf5 c2 29. Bxc2 Rdxc2 30. a5 Bd4 31. Rab1 Bb2 32. Rbd1 Rxb4 33. Rd8+ Kg7 34.
Rd7 Bd4 35. Rd1 Rd2 36. Rf1 Bxf2+ 37. Rxf2 Rb1+ 38. Rf1 Rxf1+ 0-1

[Event "AUTO-OPEN-4629"]
[Site "http://www.queenalice.com/game.php?id=1866813"]
[Date "2025.12.9"]
[Round "1"]
[White "WoodpusherKid"]
[Black "Numberzero"]
[Result "1-0"]
[WhiteElo "2605"]
[BlackElo "724"]

1. d3 d6 2. g3 g6 3. c4 c5 4. Bg2 Bg7 5. Nc3 Bxc3+ 6. bxc3 Nc6 7. Nf3 Nf6 8. O-O
O-O 9. d4 cxd4 10. cxd4 Bg4 11. d5 Ne5 12. Nxe5 dxe5 13. Bb2 Qb6 14. Bxe5 1-0

[Event "AUTO-OPEN-4629"]
[Site "http://www.queenalice.com/game.php?id=1866814"]
[Date "2025.12.9"]
[Round "1"]
[White "Numberzero"]
[Black "askasl159"]
[Result "1-0"]
[WhiteElo "822"]
[BlackElo "1544"]

1. e4 e5 2. Nf3 Nc6 3. d4 exd4 4. Nxd4 Nge7 5. Be2 g6 6. O-O Bg7 7. Nxc6 Nxc6 8.
c3 O-O 9. Na3 a6 10. Bf3 Ne5 11. Be2 b5 12. Nc2 Bb7 13. Bf3 Nxf3+ 14. Qxf3 Re8
15. Re1 d5 16. exd5 Rxe1+ 17. Nxe1 Bxd5 18. Qg3 Qe8 19. Be3 Be5 20. Bf4 Bxf4 21.
Qxf4 Qe7 22. Qe3 Qd6 23. a3 Bb3 24. Qd3 Rd8 25. Qxd6 Rxd6 26. Nf3 c5 27. Kf1 Re6
28. Re1 1-0

[Event "AUTO-OPEN-4629"]
[Site "http://www.queenalice.com/game.php?id=1866815"]
[Date "2025.12.9"]
[Round "1"]
[White "askasl159"]
[Black "Numberzero"]
[Result "0-1"]
[WhiteElo "1604"]
[BlackElo "762"]

1. e4 e5 2. f4 exf4 3. Nf3 Be7 4. Bc4 Bh4+ 5. Ke2 d5 6. Bxd5 c6 7. Bb3 Bg4 8. d4
Qf6 9. e5 Bxf3+ 10. gxf3 Qf5 11. Nc3 Nd7 12. Ne4 Be7 13. a3 O-O-O 14. Qd3 Kb8
15. Bd2 Nxe5 16. Qc3 Nd7 17. Rag1 g5 18. Rg2 Nb6 0-1

[Event "AUTO-OPEN-4634"]
[Site "http://www.queenalice.com/game.php?id=1868073"]
[Date "2026.1.15"]
[Round "1"]
[White "Numberzero"]
[Black "Capixabba789"]
[Result "0-1"]
[WhiteElo "968"]
[BlackElo "1834"]

1. e4 e5 2. Nf3 d6 3. d4 exd4 4. Nxd4 Nf6 5. Bg5 Be7 6. Nc3 c5 7. Bb5+ Bd7 8.
Bxd7+ Nbxd7 9. Nf5 Rg8 10. Nxd6+ Bxd6 11. Qxd6 Qe7 12. Qxe7+ Kxe7 13. Nd5+ Kf8
14. Nxf6 gxf6 15. Bh6+ Ke8 16. O-O Ne5 17. Rad1 Rd8 18. Rd5 Rxd5 19. exd5 Kd7
20. b3 b6 21. c4 a5 22. Bd2 Nf3+ 0-1